5HLuxD.jpg

KING HENRY VIII SENIOR AND PRIMARY SCHOOL LIBRARY OPAC

The one and only Ivan / (Record no. 3449)

000 -LEADER
fixed length control field 01456cam a2200337 a 4500
001 - CONTROL NUMBER
control field (Sirsi) a949190
003 - CONTROL NUMBER IDENTIFIER
control field OSt
005 - DATE AND TIME OF LATEST TRANSACTION
control field 20240120152241.0
008 - FIXED-LENGTH DATA ELEMENTS--GENERAL INFORMATION
fixed length control field 140415t20142012nyua c 000 1 eng
010 ## - LIBRARY OF CONGRESS CONTROL NUMBER
LC control number 2011010034
020 ## - INTERNATIONAL STANDARD BOOK NUMBER
International Standard Book Number 9780061992278
Qualifying information (pbk.) :
040 ## - CATALOGING SOURCE
Original cataloging agency BDX
Language of cataloging eng
Transcribing agency BDX
Modifying agency NOG
-- OCLCO
-- GBP
-- IHY
-- O2C
-- NYP
-- OCLCO
-- ILC
-- KAA
-- YDXCP
-- OCLCF
-- KSU
-- UtOrBLW
-- TAE
-- KH8
042 ## - AUTHENTICATION CODE
Authentication code nbic
082 0# - DEWEY DECIMAL CLASSIFICATION NUMBER
Classification number 813.54 APP
100 1# - MAIN ENTRY--PERSONAL NAME
Personal name Applegate, Katherine.
Relator term Author
245 14 - TITLE STATEMENT
Title The one and only Ivan /
Statement of responsibility, etc. Katherine Applegate ; illustrations by Patricia Castelao.
250 ## - EDITION STATEMENT
Edition statement First paperback edition.
260 ## - PUBLICATION, DISTRIBUTION, ETC.
Place of publication, distribution, etc. New York, NY :
Name of publisher, distributor, etc. Harper, An Imprint of HarperCollins. Publishers,
Date of publication, distribution, etc. 2014.
300 ## - PHYSICAL DESCRIPTION
Extent 319 p., 6 unnumbered p. :
Other physical details ill. ;
Dimensions 20 cm.
500 ## - GENERAL NOTE
General note Includes extras : Author's note, The Newbery medal. acceptance speech, Ivan's signature, discussion questions.
520 ## - SUMMARY, ETC.
Summary, etc. When Ivan, a gorilla who has lived for years in a down-and -out circus-themed mall, meets Ruby, a baby elephant that has been added to the mall, he decides that he must find her a better life.
521 1# - TARGET AUDIENCE NOTE
Target audience note Ages 8-12.
650 #0 - SUBJECT ADDED ENTRY--TOPICAL TERM
Topical term or geographic name entry element Gorilla
Form subdivision Juvenile fiction.
650 #0 - SUBJECT ADDED ENTRY--TOPICAL TERM
Topical term or geographic name entry element Elephants
Form subdivision Juvenile fiction.
650 #0 - SUBJECT ADDED ENTRY--TOPICAL TERM
Topical term or geographic name entry element Friendship
Form subdivision Juvenile fiction.
650 #0 - SUBJECT ADDED ENTRY--TOPICAL TERM
Topical term or geographic name entry element Animal welfare
Form subdivision Juvenile fiction.
650 #0 - SUBJECT ADDED ENTRY--TOPICAL TERM
Topical term or geographic name entry element Circus
Form subdivision Juvenile fiction.
650 #0 - SUBJECT ADDED ENTRY--TOPICAL TERM
Topical term or geographic name entry element Circus animals
Form subdivision Juvenile fiction.
700 1# - ADDED ENTRY--PERSONAL NAME
Personal name Castelao, Patricia.
Relator term Illustrator
942 ## - ADDED ENTRY ELEMENTS (KOHA)
Source of classification or shelving scheme
Koha item type Books - Fiction
Holdings
Withdrawn status Lost status Source of classification or shelving scheme Damaged status Not for loan Collection code Permanent Location Current Location Shelving location Date acquired Total Checkouts Full call number Barcode Date last seen Date last checked out Price effective from Koha item type
          Fiction KH8 Primary School Library KH8 Primary School Library Non Fiction 2024-01-20 1 813.54 APP KHPL000004395 2025-12-05 2025-01-07 2024-01-20 Books - Fiction

Powered By KH8 IT Dept